000 00409nam a2200169Ia 4500
008 231217s9999 xx 000 0 und d
020 _a8131403939
041 _aEnglish
082 _a658.0403 SHA;1 R
100 _aSharma, G K.
245 0 _aDictionary of international business
250 _a1st ed.
260 _c2006
_bIcfai
_aHyderabad
300 _aii, 201
650 _abusiness
942 _cAA
999 _c190108
_d190108